| 000 | 00765nam a2200241 a 4500 | ||
|---|---|---|---|
| 001 | BRCA_8229 | ||
| 005 | 20190320210203.0 | ||
| 008 | 220514s1953----u--a###f##---#001-0#eng-# | ||
| 041 | _aeng | ||
| 044 | _au | ||
| 050 | 4 |
_aN2030 _b.P35 1953 |
|
| 245 | 1 | 0 |
_aPaintings and sculpture from the Mellon Collection _cNational Gallery of Art |
| 260 |
_aWashington, D.C. _bSmithsonian Institution _c1950 |
||
| 300 |
_axvii, 173 p. _bil., 170 láminas _c23 cm. |
||
| 500 | _aIncluye índice de artistas | ||
| 500 | _aT35 | ||
| 650 | 1 | 4 |
_aPintura _vGalerías y museos _920522 |
| 650 | 1 | 4 |
_aEscultura _vGalerías y museos _920523 |
| 650 | 1 | 4 |
_aObras de arte _vColeccionistas y colecciones _920323 |
| 710 | 2 |
_aNational Gallery of Art _918810 |
|
| 902 | _aGFM | ||
| 942 |
_2lcc _cB |
||
| 999 |
_c7897 _d7897 |
||